| 000 | 01132nam0a22002771 4500 | ||
|---|---|---|---|
| 001 | rc\4615453 | ||
| 005 | 20130416195102.3 | ||
| 021 |
_aRU _b[57-13047] |
||
| 035 | _a(NLR Aleph) 008672168 | ||
| 090 |
_a9126660 _c9126660 |
||
| 100 | _a20130416d1957 |||y0rusy50 ca | ||
| 101 | 0 | _arus | |
| 102 | _aRU | ||
| 105 | _ag z ||||| | ||
| 200 | 1 | _aНавстречу фестивалю | |
| 210 |
_aЙошкар-Ола _cМаркнигоиздат _d1957 |
||
| 215 |
_a109 с. _cнот. _d22 |
||
| 225 | 1 |
_aМинистерство культуры Марийской АССР. Методический кабинет. Сборник материалов в помощь организаторам вечеров отдыха и карнавалов _v1 (15) |
|
| 300 | _aВ вып. дан. сост.: Г.П. Шалаева | ||
| 606 |
_aФестивали советской молодежи _z1956-1957 _yМарийская АССР _2psbo |
||
| 702 | 1 |
_aШалаева _bГ. П. _gГалина Петровна _4220 |
|
| 801 | 0 |
_aRU _bNLR _gpsbo |
|
| 801 | 1 |
_aRU _bELAR _2rusmarc |
|
| 852 |
_aNLR _j57-5/1091-15 |
||
| 942 | _cBOOK | ||
| 980 | _aNB | ||